| 000 | 00771cab a2200181 4500 | ||
|---|---|---|---|
| 001 | ##L132929 | ||
| 008 | 060323n2006 000 0 eng u | ||
| 035 | _a(Sirsi) u132929 | ||
| 041 | 0 | _aeng | |
| 100 | 1 | _aWaterman, Anthony | |
| 245 | 0 | 0 |
_aSpecifier _bcosts |
| 260 | _c2006 | ||
| 490 | 0 |
_aBuilding _v271(8422) 17 March 2006, 75-76(2) |
|
| 520 | _aExamines the types of corrosion which can effect concrete, and assesses the three main techniques for carrying out patch repair. Contains cost analysis for repair of corrosion-damaged reinforced concrete structures. With a guide to manufacturers of structural frames. | ||
| 590 | _aIKA280306 | ||
| 690 | _aBUILT ENVIRONMENT-BUILDING MATERIALS-CEMENTITIOUS, CONCRETE AND MINERAL BOUND MATERIALS-CONCRETE | ||
| 942 | _n0 | ||
| 999 |
_c76698 _d76698 |
||